State Trees #1 - Statistics

General Stats
  • This quiz has been taken 17 times
  • The average score is 10 of 25
Answer Stats
Hint Answer % Correct
(Also) Palmetto/Sabal Palm Florida
60%
Palmetto/Sabal Palm South Carolina
60%
White Oak Illinois
53%
Eastern White Pine Maine
53%
____ Buckeye Ohio
53%
Western Hemlock Washington
53%
Sugar Maple New York
47%
Longleaf Pine Alabama
40%
Eastern Cottonwood Nebraska
40%
Northern Red Oak New Jersey
40%
Pine North Carolina
40%
Douglas Fir Oregon
40%
Pecan Texas
40%
Flowering Dogwood Virginia
40%
Loblolly Pine Arkansas
33%
________ Blue Spruce Colorado
33%
Candlenut Tree Hawaii
33%
Tulip Tree Indiana
33%
(Also) Tulip Tree Kentucky
33%
(Also) White Oak Maryland
33%
American White Birch New Hampshire
33%
American Elm North Dakota
33%
Eastern Hemlock Pennsylvania
33%
Red Maple Rhode Island
33%
American Holly Delaware
27%
No matching quizzes found
Score Distribution
Percent of People with Each Score
Percentile by Number Answered
Your Score History
You have not taken this quiz